000 00525nam a2200181Ia 4500
005 20250923144724.0
008 008 250917s9999 xx 000 0 eng d
037 _aTextual
040 _aDSWL
_beng
_cDSWL
041 _aeng
_2eng
084 _aYX,ZB, N57
_qDSWL
100 _aBiestek, Flix P.
_9827743
245 0 _aCase work relationship
_cby Flix P.Biestek
260 _aChicago
_b Loyola University Press
_c1957
300 _ax,150p.
942 _cTEXL
_hYX,ZB, N57
999 _c1442489
_d1442489